Taylor Swift Songs In Alphabetical Order - Statistics

General Stats
  • This quiz has been taken 153 times
  • The average score is 147 of 240
Answer Stats
Album Song % Correct
Red (TV) All Too Well
90%
folklore cardigan
86%
Lover Afterglow
84%
folklore august
84%
1989 (TV) All You Had To Do Was Stay
83%
Midnights Anti-Hero
83%
Speak Now (TV) Back To December
83%
1989 (TV) Bad Blood
83%
Midnights (3am Edition) Bigger Than The Whole Sky
83%
1989 (TV) Blank Space
83%
Lover Cornelia Street
83%
Red (TV) 22
81%
Midnights Bejeweled
81%
Lover Daylight
81%
reputation Don't Blame Me
81%
reputation Call It What You Want
79%
evermore champagne problems
79%
1989 (TV) Clean
79%
THE TORTURED POETS DEPARTMENT Fortnight (feat. Post Malone)
79%
Speak Now (TV) Better Than Revenge
78%
folklore betty
78%
evermore cowboy like me
78%
Lover Cruel Summer
78%
reputation Delicate
78%
Speak Now (TV) Enchanted
78%
reputation Getaway Car
78%
Taylor Swift A Place In This World
76%
THE TORTURED POETS DEPARTMENT But Daddy I Love Him
76%
THE TORTURED POETS DEPARTMENT Clara Bow
76%
Speak Now (TV) Dear John
76%
Lover Death By A Thousand Cuts
76%
THE TORTURED POETS DEPARTMENT Down Bad
76%
evermore evermore (feat. Bon Iver)
76%
folklore exile (feat. Bon Iver)
76%
THE TORTURED POETS DEPARTMENT Florida!!! (feat. Florence + The Machine)
76%
reputation Gorgeous
76%
THE TORTURED POETS DEPARTMENT I Can Do It With A Broken Heart
76%
evermore coney island (feat. The National)
74%
Midnights (3am Edition) Dear Reader
74%
reputation End Game (feat. Ed Sheeran & Future)
74%
Fearless (TV) Fearless
74%
Taylor Swift (Deluxe) A Perfectly Good Heart
72%
Red (TV) Babe
72%
TTPD: THE ANTHOLOGY Cassandra
72%
Midnights (3am Edition) Glitch
72%
Midnights Karma
72%
Red (TV) Better Man
71%
TTPD: THE ANTHOLOGY Chloe Or Sam Or Sophia Or Marcus
71%
evermore dorothea
71%
THE TORTURED POETS DEPARTMENT I Can Fix Him (No Really I Can)
71%
Speak Now (TV) Castles Crumbling (feat. Hayley Williams)
69%
Fearless (TV) Change
69%
evermore closure
69%
Red (TV) Come Back...Be Here
69%
reputation Dress
69%
folklore epiphany
69%
THE TORTURED POETS DEPARTMENT Fresh Out The Slammer
69%
1989 (TV) How You Get The Girl
69%
Lover Miss Americana & The Heartbreak Prince
69%
Midnights Question...?
69%
Midnights You're On Your Own, Kid
69%
Single All Of The Girls You Loved Before
67%
Beautiful Eyes Beautiful Eyes
67%
Taylor Swift Cold As You
67%
Fearless (TV) Fifteen
67%
Red (TV) I Knew You Were Trouble
67%
folklore illicit affairs
67%
Taylor Swift (Deluxe) Invisible
67%
folklore invisible string
67%
Speak Now (TV) Long Live
67%
Lover Lover
67%
Midnights Maroon
67%
Midnights Mastermind
67%
reputation Dancing With Our Hands Tied
66%
Lover False God
66%
evermore gold rush
66%
THE TORTURED POETS DEPARTMENT Guilty As Sin?
66%
Midnights (3am Edition) High Infidelity
66%
Midnights (The Til Dawn Edition) Hits Different
66%
Lover I Think He Knows
66%
Midnights Lavender Haze
66%
Midnights Midnight Rain
66%
1989 (TV) Out Of The Woods
66%
Fearless (TV) Bye Bye Baby
64%
Fearless (TV) Don't You
64%
Red (TV) Everything Has Changed (feat. Ed Sheeran)
64%
Fearless (TV) Forever & Always
64%
evermore happiness
64%
Speak Now (TV) Haunted
64%
folklore hoax
64%
Lover I Forgot That You Existed
64%
TTPD: THE ANTHOLOGY I Hate It Here
64%
reputation King Of My Heart
64%
Midnights Labyrinth
64%
THE TORTURED POETS DEPARTMENT loml
64%
Lover London Boy
64%
reputation Look What You Made Me Do
64%
Fearless (TV) Love Story
64%
Lover ME! (feat. Brendon Urie of Panic! At The Disco)
64%
Fearless (TV) Mr. Perfectly Fine
64%
folklore my tears ricochet
64%
Red (TV) Red
64%
Speak Now (TV) Speak Now
64%
THE TORTURED POETS DEPARTMENT Who's Afraid Of Little Old Me?
64%
Midnights (3am Edition) Would've, Could've, Should've
64%
Fearless (TV) You Belong With Me
64%
Lover You Need To Calm Down
64%
Midnights (The Til Dawn Edition) You're Losing Me
64%
Single Carolina
62%
Fearless (TV) Come In With The Rain
62%
Red (TV) Forever Winter
62%
TTPD: THE ANTHOLOGY imgonnagetyouback
62%
evermore ivy
62%
Speak Now (TV) Mean
62%
folklore mirrorball
62%
evermore no body, no crime (feat. HAIM)
62%
1989 (TV) Now That We Don't Talk
62%
Lover The Archer
62%
Lover The Man
62%
THE TORTURED POETS DEPARTMENT The Tortured Poets Department
62%
Midnights Vigilante Sh*t
62%
Red (TV) Begin Again
60%
TTPD: THE ANTHOLOGY How Did It End?
60%
reputation I Did Something Bad
60%
TTPD: THE ANTHOLOGY I Look In People's Windows
60%
Lover It's Nice To Have A Friend
60%
1989 (TV) I Wish You Would
60%
Speak Now (TV) Last Kiss
60%
evermore long story short
60%
evermore marjorie
60%
Speak Now (TV) Mine
60%
THE TORTURED POETS DEPARTMENT My Boy Only Breaks His Favorite Toys
60%
reputation New Year's Day
60%
Lover Paper Rings
60%
Midnights Snow On The Beach (feat. Lana Del Rey)
60%
Lover Soon You'll Get Better (feat. The Chicks)
60%
Red (TV) Stay Stay Stay
60%
folklore (deluxe version) the lakes
60%
TTPD: THE ANTHOLOGY The Prophecy
60%
Red (TV) We Are Never Ever Getting Back Together
60%
evermore willow
60%
Speak Now (TV) Foolish One
59%
Speak Now (TV) I Can See You
59%
1989 (TV) I Know Places
59%
Taylor Swift (Deluxe) I'm Only Me When I'm With You
59%
Speak Now (TV) Innocent
59%
1989 (TV) Is It Over Now?
59%
Taylor Swift Our Song
59%
Midnights (3am Edition) Paris
59%
evermore (deluxe version) right where you left me - bonus track
59%
TTPD: THE ANTHOLOGY So High School
59%
reputation So It Goes...
59%
Speak Now (TV) Sparks Fly
59%
folklore the last great american dynasty
59%
THE TORTURED POETS DEPARTMENT The Smallest Man Who Ever Lived
59%
1989 (TV) Welcome To New York
59%
Red (TV) Girl At Home
57%
Red (TV) Holy Ground
57%
Taylor Swift Mary's Song (Oh My My My)
57%
1989 (TV) New Romantics
57%
Speak Now (TV) Ours
57%
Taylor Swift Picture To Burn
57%
1989 (TV) Style
57%
THE TORTURED POETS DEPARTMENT The Alchemy
57%
TTPD: THE ANTHOLOGY The Black Dog
57%
1989 (TV) Wonderland
57%
Fearless (TV) Breathe (feat. Colbie Caillat)
55%
Fearless (TV) Hey Stephen
55%
evermore (deluxe version) it's time to go - bonus track
55%
Fearless (TV) Jump Then Fall
55%
folklore mad woman
55%
TTPD: THE ANTHOLOGY Peter
55%
1989 (TV) Say Don't Go
55%
THE TORTURED POETS DEPARTMENT So Long, London
55%
Red (TV) Starlight
55%
Midnights (3am Edition) The Great War
55%
TTPD: THE ANTHOLOGY The Manuscript
55%
Taylor Swift Tim McGraw
55%
Single Beautiful Ghosts
53%
Red (TV) I Almost Do
53%
Red (TV) Message In A Bottle
53%
TTPD: THE ANTHOLOGY Robin
53%
Red (TV) Ronan
53%
1989 (TV) Shake It Off
53%
Midnights Sweet Nothing
53%
Taylor Swift Teardrops On My Guitar
53%
TTPD: THE ANTHOLOGY The Albatross
53%
TTPD: THE ANTHOLOGY The Bolter
53%
reputation This Is Why We Can't Have Nice Things
53%
Speak Now (TV) Timeless
53%
1989 (TV) Wildest Dreams
53%
Speak Now (TV) Electric Touch (feat. Fall Out Boy)
52%
Speak Now (TV) Never Grow Up
52%
folklore peace
52%
Red (TV) State Of Grace
52%
1989 (TV) Suburban Legends
52%
Red (TV) The Last Time (feat. Gary Lightbody)
52%
folklore this is me trying
52%
1989 (TV) This Love
52%
Taylor Swift Should've Said No
50%
Taylor Swift Stay Beautiful
50%
TTPD: THE ANTHOLOGY thanK you aIMee
50%
folklore the 1
50%
Red (TV) I Bet You Think About Me (feat. Chris Stapleton)
48%
Taylor Swift The Outside
48%
Speak Now (TV) The Story Of Us
48%
evermore tolerate it
48%
Fearless (TV) White Horse
48%
1989 (TV) You Are In Love
48%
Red (TV) Nothing New (feat. Phoebe Bridgers)
47%
Red (TV) Run (feat. Ed Sheeran)
47%
folklore seven
47%
Fearless (TV) The Best Day
47%
Red (TV) The Lucky One
47%
Red (TV) The Very First Night
47%
Fearless (TV) We Were Happy
47%
Red (TV) Sad Beautiful Tragic
45%
Fearless (TV) The Other Side Of The Door
45%
Taylor Swift Tied Together With a Smile
45%
Fearless (TV) You're Not Sorry
45%
Single Crazier
43%
Fearless (TV) That's When (feat. Keith Urban)
43%
Fearless (TV) The Way I Loved You
43%
Red (TV) Treacherous
43%
Fearless (TV) Untouchable
43%
Fearless (TV) You All Over Me (feat. Maren Morris)
43%
Single Christmas Tree Farm
41%
Fearless (TV) Tell Me Why
41%
Speak Now (TV) When Emma Falls In Love
41%
Speak Now (TV) Superman
40%
1989 (TV) Sweeter Than Fiction
40%
Red (TV) The Moment I Knew
40%
Fearless (TV) Superstar
38%
Fearless (TV) Today Was A Fairytale
38%
Single Eyes Open
34%
Single I Heart ?
34%
Single If This Was A Movie
31%
Single Safe & Sound (feat. Joy Williams and John Paul White)
29%
Single Macavity
28%
Single Only The Young
26%
No matching quizzes found
Score Distribution
Percent of People with Each Score
Percentile by Number Answered
Your Score History
You have not taken this quiz